Normal view
MARC view
Entry Personal Name
001 - CONTROL NUMBER
- control field: 102
003 - CONTROL NUMBER IDENTIFIER
- control field: OSt
005 - DATE AND TIME OF LATEST TRANSACTION
- control field: 20140507162048.0
008 - FIXED-LENGTH DATA ELEMENTS
- fixed length control field: 091002|||a|||||| | ||| d
040 ## - CATALOGING SOURCE
- Original cataloging agency: OSt
- Transcribing agency: OSt
100 ## - HEADING--PERSONAL NAME
- Personal name: Knuth, Donald Ervin,
- Dates associated with a name: 1938-
670 ## - SOURCE DATA FOUND
- Source citation: Work cat.: (OSt)0: Knuth, Donald Ervin, 1938-, The art of computer programming /, c1997-